Crossroads: An Interdisciplinary Journal of Asian Interactions.

محفوظ في:

التنسيق: دورية

اللغة: Undetermined

الموضوعات:

الوصول للمادة أونلاين: Login to view Source

الوسوم: إضافة وسم

لا توجد وسوم, كن أول من يضع وسما على هذه التسجيلة!

رقم الطلب:

LEADER 00546nms a2200181Ia 4500
005 20240402051143.0
008 240131s9999||||xx |||||||||||||||||und||
999 |c 56355  |d 56355 
022 |a 2190-8796 
022 |a 2666-2523 
245 0 0 |a Crossroads: An Interdisciplinary Journal of Asian Interactions. 
336 |2 rdacontent  |a text  |b txt 
337 |2 rdamedia  |a unmediated  |b n 
338 |2 rdacarrier  |a volume  |b n 
500 |a BRILLBRILLJ 
650 4 |a Asian history. 
856 |z CJAI  |u https://brill.com/view/journals/cjai/cjai-overview.xml 
942 |2 lcc  |c EJL